000 00890cab a2200265 4500
001 ABS56155
008 090401t1996 xxu||||| |||| 00| 0 eng d
035 _a(Sirsi) u21621
041 _aeng
100 _aTait, N.
245 4 _aThe ICE conciliation procedure 1994
260 _c1996
350 _a0
490 _aConstruction Law Journal
_v[1996] 12 Const.L.J. 5, 294-304(6)
520 _aExplains the conciliation procedure under ICE 6th, ICE Minor Works and ICE Design & Construct contracts. Flow charts for dispute resolution.
650 _aCONCILIATION
650 _aDISPUTE RESOLUTION
_96236
650 _aICE CONDITIONS OF CONTRACT (SIXTH EDITION)
650 _aICE DESIGN AND CONSTRUCT CONTRACT 1992
650 _aICE MINOR WORKS CONTRACT 1988
690 _aBUILT ENVIRONMENT-BUILDING CONTRACT FORMS
700 _aCottam, G.
942 _n0
948 _c04/03/1997
999 _c14506
_d14506